|
|
|
|
| LEADER |
02351nam a22003493i 4500 |
| 001 |
EBC30686172 |
| 003 |
MiAaPQ |
| 005 |
20231204023231.0 |
| 006 |
m o d | |
| 007 |
cr cnu|||||||| |
| 008 |
231204s1998 xx o ||||0 ger d |
| 020 |
|
|
|a 9783631872727
|q (electronic bk.)
|
| 020 |
|
|
|z 9783631318720
|
| 035 |
|
|
|a (MiAaPQ)EBC30686172
|
| 035 |
|
|
|a (Au-PeEL)EBL30686172
|
| 035 |
|
|
|a (OCoLC)1397570501
|
| 040 |
|
|
|a MiAaPQ
|b eng
|e rda
|e pn
|c MiAaPQ
|d MiAaPQ
|
| 245 |
1 |
4 |
|a Die Revolution 1848/49 in Brandenburg :
|b Eine Quellensammlung.
|
| 250 |
|
|
|a 1st ed.
|
| 264 |
|
1 |
|a Frankfurt a.M. :
|b Peter Lang GmbH, Internationaler Verlag der Wissenschaften,
|c 1998.
|
| 264 |
|
4 |
|c ©1998.
|
| 300 |
|
|
|a 1 online resource (264 pages)
|
| 336 |
|
|
|a text
|b txt
|2 rdacontent
|
| 337 |
|
|
|a computer
|b c
|2 rdamedia
|
| 338 |
|
|
|a online resource
|b cr
|2 rdacarrier
|
| 505 |
0 |
|
|a Cover -- Titel -- Copyright -- Inhaltsverzeichnis -- Vorwort -- I. Einleitung -- 1. Die Revolution von 1848/49 in der Provinz Brandenburg -- 1.1. Zur ökonomischen, sozialen und politischen Situation -- 1.2. Der Verlauf der Revolution in Brandenburg -- 2. Hinweise für den Benutzer -- 3. Auswahlbibliographie -- 4. Rahmenzeittafel -- II. Dokumente -- 1. Kaiser, König, Edelmann, Bürger, Bauer, Bettelmann -- 2. Die Revolution ergreift Brandenburg -- 3. Hoffnung auf einen liberalen Staat -- 4. Bürgerrechte für alle Bürger -- 5. Königsmacht oder Volkssouveränität ? -- 6. Die Steuerverweigerung -- 7. Die Konterrevolution erstarkt -- 8. Unterstützung der Reichsreform -- 9. Der Funke der Demokratie verlöscht nicht -- Verzeichnis der Abkürzungen und wenig gebräuchlichen Fremdwörter -- Personenregister -- Ortsregister -- Reihenübersicht.
|
| 588 |
|
|
|a Description based on publisher supplied metadata and other sources.
|
| 590 |
|
|
|a Electronic reproduction. Ann Arbor, Michigan : ProQuest Ebook Central, 2023. Available via World Wide Web. Access may be limited to ProQuest Ebook Central affiliated libraries.
|
| 655 |
|
4 |
|a Electronic books.
|
| 776 |
0 |
8 |
|i Print version:
|t Die Revolution 1848/49 in Brandenburg
|d Frankfurt a.M. : Peter Lang GmbH, Internationaler Verlag der Wissenschaften,c1998
|z 9783631318720
|
| 797 |
2 |
|
|a ProQuest (Firm)
|
| 856 |
4 |
0 |
|u https://ebookcentral.proquest.com/lib/matrademy/detail.action?docID=30686172
|z Click to View
|